000 00263nam a22001217a 4500
008 180927b xxu||||| |||| 00| 0 eng d
041 _aeng
080 _a370
100 _a37
101 _aEDU
245 _aAn Incomplete Education
_cJones.J
942 _2udc
_cBK
999 _c48569
_d48569